Loading...

A study on the relationship between attainment of biological concepts and attitude towards science of urban and rural secondary school pupils

Bibliographic Details
Main Author: Josemon P George
Published: 1997
Subjects:
LEADER 00727nam a22001811a 4500
020 |c 0.00 
040 |a SSUS - Library - Kalady 
082 |a MED 371.262 JOS/STU 
100 |a Josemon P George 
245 |a A study on the relationship between attainment of biological concepts and attitude towards science of urban and rural secondary school pupils  |h [MED] 
260 |c 1997 
300 |a 95p. 
600 |a Achievement Biological Concepts Secondary Level 
600 |a MED thesis 
852 |k Reference  |h MED 371.262 JOS  |p T548  |9 0.00  |t 0 
942 |c REF 
999 |c 45028  |d 45028 
952 |0 0  |1 0  |2 ddc  |4 0  |6 R_MED_371_262000000000000_JOS  |7 0  |9 64999  |a SSUS  |b SSUS  |c REF  |d 2015-01-08  |g 0.00  |o R MED 371.262 JOS  |p D0365  |r 2015-01-08  |v 0.00  |w 2015-01-08  |y PGD